Marine electronic navigation / (Record no. 593849)

000 -LEADER
fixed length control field 00720nam a2200241 i 4500
001 - CONTROL NUMBER
control field 3723361
005 - DATE AND TIME OF LATEST TRANSACTION
control field 20230320121818.0
008 - FIXED-LENGTH DATA ELEMENTS--GENERAL INFORMATION
fixed length control field 810318s1980 enka 001 0 eng
010 ## - LIBRARY OF CONGRESS CONTROL NUMBER
LC control number 80148820
015 ## - NATIONAL BIBLIOGRAPHY NUMBER
National bibliography number GB***
020 ## - INTERNATIONAL STANDARD BOOK NUMBER
International Standard Book Number 0710005334 :
Terms of availability £12.50
040 ## - CATALOGING SOURCE
Original cataloging agency DLC
Transcribing agency DLC
Modifying agency DLC
050 00 - LIBRARY OF CONGRESS CALL NUMBER
Classification number VK560
Item number .A66
082 00 - DEWEY DECIMAL CLASSIFICATION NUMBER
Classification number 623.893
Edition number 19
Author Mark APP
100 1# - MAIN ENTRY--PERSONAL NAME
Personal name Appleyard, S. F.
9 (RLIN) 110634
245 10 - TITLE STATEMENT
Title Marine electronic navigation /
Statement of responsibility, etc. S.F. Appleyard.
260 ## - PUBLICATION, DISTRIBUTION, ETC.
Place of publication, distribution, etc. London ;
-- Boston :
Name of publisher, distributor, etc. Routledge & Kegan Paul,
Date of publication, distribution, etc. 1980.
300 ## - PHYSICAL DESCRIPTION
Extent xv, 251 p. :
Other physical details ill. ;
Dimensions 25 cm.
500 ## - GENERAL NOTE
General note Includes index.
650 #0 - SUBJECT ADDED ENTRY--TOPICAL TERM
Topical term or geographic name entry element Electronics in navigation.
9 (RLIN) 110635
906 ## - LOCAL DATA ELEMENT F, LDF (RLIN)
a 7
b cbc
c orignew
d 4
e ncip
f 19
g y-gencatlg
942 ## - ADDED ENTRY ELEMENTS (KOHA)
Source of classification or shelving scheme
Koha item type Book
Holdings
Withdrawn status Lost status Source of classification or shelving scheme Damaged status Not for loan Permanent Location Current Location Shelving location Date acquired Full call number Barcode Date last seen Price effective from Koha item type
          School of Mechanical & Manufacturing Engineering (SMME) School of Mechanical & Manufacturing Engineering (SMME) Aerospace Engineering 03/20/2023 623.893 APP SMME-4356 03/20/2023 03/20/2023 Book
© 2023 Central Library, National University of Sciences and Technology. All Rights Reserved.